Statistics for Highest Grossing Movies of 2018

Click here to take the quiz!

General Stats

  • This quiz has been taken 170 times
    (96 since last reset)
  • The average score is 9 of 57

Answer Stats

RankGrossMovieCompany% Correct
1$2,048,400,000Avengers: Infinity WarDisney – Marvel Studios
92%
2$1,346,900,000Black PantherDisney – Marvel Studios
77%
26$370,600,000Spider-Man: Into the Spider-VerseSony – Marvel Studios
74%
5$1,143,700,000AquamanWarner Bros. – DC Comics
54%
4$1,242,800,000Incredibles 2Disney – Pixar
49%
11$622,700,000Ant-Man and the WaspDisney – Marvel Studios
48%
24$392,900,000Solo: A Star Wars StoryDisney – Lucasfilm
48%
9$785,000,000Deadpool 220th Century Fox – Marvel Studios
41%
7$855,000,000VenomSony – Marvel Studios
36%
3$1,309,500,000Jurassic World: Fallen KingdomUniversal Pictures
33%
6$879,700,000Bohemian Rhapsody20th Century Fox
26%
19$459,500,000BumblebeeParamount Pictures
25%
35$276,600,000Green BookUniversal Pictures
23%
21$433,300,000A Star Is BornWarner Bros. Pictures
21%
8$791,100,000Mission: Impossible – FalloutParamount Pictures
21%
17$526,300,000Ralph Breaks the InternetWalt Disney Pictures
21%
37$253,700,000HalloweenUniversal Pictures
16%
18$511,300,000The GrinchUniversal – Illumination Entertainment
16%
10$653,700,000Fantastic Beasts: The Crimes of GrindelwaldWarner Bros. Pictures
15%
15$530,200,000The MegWarner Bros. Pictures
15%
29$348,400,000Mary Poppins ReturnsWalt Disney Pictures
13%
30$340,900,000A Quiet PlaceParamount Pictures
11%
34$288,300,000Maze Runner: The Death Cure20th Century Fox
11%
12$582,900,000Ready Player OneWarner Bros. Pictures
11%
38$238,500,000Crazy Rich AsiansWarner Bros. Pictures
10%
16$528,100,000Hotel Transylvania 3: Summer VacationColumbia – Sony Pictures
10%
22$428,000,000RampageWarner Bros. Pictures
10%
27$365,600,000The NunWarner Bros. – New Line Cinema
10%
56$105,400,000First ManUniversal Pictures – DreamWorks
8%
23$394,700,000Mamma Mia! Here We Go AgainUniversal Pictures
8%
33$290,500,000Pacific Rim UprisingUniversal Pictures
8%
36$274,700,000Tomb RaiderWarner Bros. – Metro-Goldwyn-Mayer
8%
40$213,900,000Creed IIWarner Bros. – Metro-Goldwyn-Mayer
7%
25$371,000,000Fifty Shades FreedUniversal Pictures
7%
54$117,500,000Game NightWarner Bros. – New Line Cinema
7%
32$297,700,000Ocean's 8Warner Bros. Pictures
7%
42$190,400,000The Equalizer 2Columbia Pictures
7%
50$132,700,000A Wrinkle in TimeWalt Disney Pictures
5%
41$197,600,000Christopher RobinWalt Disney Pictures
5%
28$351,200,000Peter RabbitColumbia – Sony Pictures
5%
48$151,600,000Red Sparrow20th Century Fox
3%
31$304,900,000SkyscraperUniversal Pictures
3%
39$214,100,000SmallfootWarner Bros. Pictures
3%
49$137,000,000The First PurgeUniversal Pictures
3%
46$160,500,000The Predator20th Century Fox
3%
53$118,800,000Instant FamilyParamount Pictures
2%
47$158,800,000Johnny English Strikes AgainUniversal Pictures
2%
57$103,000,000Night SchoolUniversal Pictures
2%
52$119,900,000The CommuterLionsgate
2%
51$131,500,000The House with a Clock in Its WallsUniversal Pictures
2%
45$162,700,000The MuleWarner Bros. Pictures
2%
43$173,900,000The Nutcracker and the Four RealmsWalt Disney Pictures
2%
55$116,300,0002.0Lyca Productions
0%
14$544,100,000Detective Chinatown 2Wanda Media
0%
20$453,000,000Dying to SurviveShanghai Tao Piao Piao
0%
44$167,700,000Insidious: The Last KeyUniversal Pictures
0%
13$579,200,000Operation Red SeaHuaxia Film
0%

Score Distribution

Percentile by Number Answered

Percent of People with Each Score

Your Score History

You have not taken this quiz since the last reset